SPSS quickStarts

Saved in:
Bibliographic Details
Main Author: Salkind, Neil J.
Other Authors: Green, Samuel B.
Format: Book
Language:English
Published: Upper Saddle River Pearson Education/Prentice Hall 2011
Subjects:
Tags: Add Tag
No Tags, Be the first to tag this record!

MARC

LEADER 00000nam a2200000 4500
001 0226889
005 20240315115723.9
020 |a 978-0-205-73577-8 
020 |a 0-205-73577-0 
041 0 |a eng 
044 |a US 
245 1 0 |a SPSS quickStarts  |c Neil J. Salkind, Samuel B. Green 
264 1 |a Upper Saddle River  |b Pearson Education/Prentice Hall  |c 2011 
300 |a 138 s. 
610 2 0 |a vedy spoločenské 
610 2 0 |a výskum 
610 2 0 |a programy počítačové 
610 2 0 |a softvér 
610 2 0 |a analýza štatistická 
610 2 0 |a metódy štatistické 
610 2 0 |a analýza dát 
610 2 0 |a SPSS 
100 1 |a Salkind, Neil J. 
700 1 |a Green, Samuel B.